000 00953nam a2200229Ia 4500
003 GCL
008 140319s9999 xx 000 0 ara d
040 _aGCL /
_cGCL
082 0 4 _a910
_bك ج
100 1 _aكيتنج، كيفين
245 1 0 _aجواز كوريا :
_bدليلك الى المعاملات التجارية والعادات وقواعد السلوك الكورية /
_cكيتنج، كيفين
250 _aالاولى
260 _aالقاهرة :
_bمجموعة النيل العربية ،
_c2002
300 _a150 ص ؛
_c16 سم
650 0 4 _aكوريا الجنوبية
650 0 4 _aكوريا الجنوبية - جغرافيا
650 0 4 _aكوريا الجنوبية - الاحوال الاقتصادية
650 0 4 _aكوريا الجنوبية - الاحوال الاجتماعية
650 0 4 _aكوريا الجنوبية - السكان
650 0 4 _aكوريا الجنوبية - ادلة
942 _2ddc
_cBK
999 _c6040
_d6040